000 00751nam a2200313Ia 4500
001 5847
008 191123s9999 xx 000 0 und d
020 _a9685803846
041 _aspa
044 _amx
245 0 _aLa iconografía en el arte contemporáneo (Coloquio Internacional de Xalapa).
260 _aMéxico :
_bInstituto de Investigaciones Estéticas,
_c1982.
300 _a248 p.
650 _aARTE
650 _aICONOGRAFIA
650 _aPINTURAS
650 _aSIGLO XIX
650 _aSIGLO XX
902 _aM
903 _am
904 _am
907 _aImpreso
911 _aláminas b/n; 23 cm
912 _a1982
920 _an. 16
942 _cLIBRO
999 _c4172
_d4172
490 0 _aEstudios de Arte y Estética